[Event "Hastings Masters"]
[Site "Hastings"]
[Date "1995.??.??"]
[Round "2"]
[White "Khan, Kalimullah"]
[Black "Turner, Matthew"]
[Result "0-1"]
[WhiteElo "2235"]
[BlackElo "2400"]
[PlyCount "77"]
[EventDate "1995.08.??"]
[EventType "swiss"]
[EventRounds "9"]
[EventCountry "ENG"]
[SourceTitle "CBM 048 Extra"]
[Source "ChessBase"]
[SourceDate "1995.11.01"]
[SourceVersion "1"]
[SourceVersionDate "1995.11.01"]
[SourceQuality "1"]

1. d4 d6 2. e4 Nf6 3. Bd3 e5 4. c3 c5 5. Ne2 Be7 6. 0-0 0-0 7. Kh1 cxd4 8. cxd4 Nc6 9. d5 Nb4 10. Nbc3 Nxd3 11. Qxd3 Qa5 12. a3 Qa6 13. Qxa6 bxa6 14. f4 Bg4 15. fxe5 dxe5 16. Ng3 Rfc8 17. Be3 Rab8 18. Rf2 Rb7 19. Rc2 h5 20. Rac1 h4 21. Nf1 Rbc7 22. Nd2 h3 23. Ra1 hxg2+ 24. Kxg2 Bh5 25. h3 Bg6 26. Rcc1 Ne8 27. Na2 Nd6 28. Kf3 Rc2 29. Rxc2 Rxc2 30. Nc3 Bh5+ 31. Kg3 f5 32. Nb3 Rxb2 33. Nc5 Nc4 34. N3a4 f4+ 35. Bxf4 exf4+ 36. Kxf4 Bd6+ 37. Kf5 Rf2+ 38. Ke6 Rf7 39. e5 0-1

[Event "Hastings Masters"]
[Site "Hastings"]
[Date "1995.??.??"]
[Round "5"]
[White "Parker, Jonathan"]
[Black "Khan, Kalimullah"]
[Result "1-0"]
[WhiteElo "2415"]
[BlackElo "2235"]
[PlyCount "67"]
[EventDate "1995.08.??"]
[EventType "swiss"]
[EventRounds "9"]
[EventCountry "ENG"]
[SourceTitle "CBM 048 Extra"]
[Source "ChessBase"]
[SourceDate "1995.11.01"]
[SourceVersion "1"]
[SourceVersionDate "1995.11.01"]
[SourceQuality "1"]

1. d4 d5 2. c4 dxc4 3. Nf3 Bf5 4. Nc3 Nf6 5. e3 e6 6. Bxc4 c6 7. 0-0 Nbd7 8. Re1 Bb4 9. a3 Bxc3 10. bxc3 0-0 11. h3 Ne4 12. Bb2 b5 13. Bd3 Nb6 14. Qc2 Nd6 15. e4 Bg6 16. Ne5 Rc8 17. Bc1 c5 18. dxc5 Rxc5 19. Nxg6 hxg6 20. Be3 Rc6 21. e5 Ndc4 22. Bd4 a6 23. Re4 Na4 24. Rg4 Ncb6 25. Qd2 Nd5 26. h4 Ndxc3 27. h5 Nd5 28. hxg6 fxg6 29. Bxg6 Ne7 30. Be4 Rc4 31. Rxg7+ Kxg7 32. Qg5+ Kf7 33. Qh5+ Ng6 34. Qh7+ 1-0